000 02404nam0a2200397 4500
001 RU\NLR\BIBL_A\016265360
005 20260408214146.0
010 _a978-5-9765-4855-8
_9500
035 _a(NLR Aleph) 016265360
090 _a12868871
_c12868871
100 _a20230123d2022 k y0rusy50 ca
101 0 _arus
_aeng
102 _aRU
105 _aa|||z|||000yy
181 0 _ai
_baxxe
182 0 _an
200 1 _aПодготовка переводчиков
_eдисциплины по выбору
_eколлективная монография
_fЛ. А. Борисова, Ю. А. Дымант, И. В. Добрынина [и др.]
_gпод общей редакцией Н. Н. Гавриенко
_gШкола дидактики перевода
203 _aТекст
_bвизуальный
_cнепосредственный
210 _aМосква
_cФЛИНТА
_d2022
215 _a164, [1] с.
_cил., табл.
_d21
300 _aНа 162-й с. авт.: Борисова Л. А., канд. филол. наук, доц., Дымант Ю. А., канд. филол. наук, преподаватель, Добрынина И. В., канд. филол. наук, преподаватель
300 _aАвт. указаны на обороте тит. с.
300 _aЧасть текста на агл. яз.
320 _aБиблиогр.: с. 144 (15 назв.)
606 _aПеревод (лингв.)
_xЭлективные курсы
_xВысшая школа
_3RU\NLR\AUTH\6601735881
_92579928
686 1 _aЧ486.17(2)-263.2
701 1 _aБорисова
_bЛ. А.
_cканд. филол. наук
_gЛидия Александровна
_9183429
_3RU\NLR\AUTH\770183480
701 1 _aДымант
_bЮ. А.
_gЮлия Александровна
701 1 _aДобрынина
_bИ. В.
_cканд. филол. наук
_gИрина Виталиевна
_9194850
_3RU\NLR\AUTH\770194901
702 1 _4340
_7ca
_8rus
_aГавриленко
_bН. Н.
_cд-р пед. наук
_f1951-
_gНаталия Николаевна
_9150421
_3RU\NLR\AUTH\770150458
712 0 2 _4570
_aШкола дидактики перевода Н. Н. Гавриленко
_cМосква
_9836118
_3RU\NLR\AUTH\880585138
942 _cBOOK
980 _aNB